[Event "Wch U08"]
[Site "Montesilvano"]
[Date "2024.11.23"]
[Round "8"]
[White "Kapitanski, Furion"]
[Black "Sivan, Leeor"]
[Result "1-0"]
[WhiteElo "1707"]
[BlackElo "1464"]
[PlyCount "79"]
[EventDate "2024.11.15"]
[EventType "swiss"]
[EventRounds "11"]
[EventCountry "ITA"]
[SourceTitle "CB48_2024"]
[SourceDate "2024.11.28"]
[SourceVersion "1"]
[SourceVersionDate "2024.11.28"]
[SourceQuality "1"]

1. e4 e5 2. Nf3 Nc6 3. Bc4 Bc5 4. d3 Nf6 5. 0-0 a6 6. c3 0-0 7. Bb3 Ba7 8. Nbd2 d6 9. Re1 Ne7 10. Nf1 Ng6 11. Ng3 h6 12. d4 Re8 13. Bc2 Bg4 14. Be3 Qd7 15. h3 Bxf3 16. Qxf3 Nh4 17. Qe2 d5 18. dxe5 Rxe5 19. Bd4 Rg5 20. Bxa7 Rxa7 21. exd5 g6 22. Qe3 Ra8 23. Qd4 Nh5 24. Qxh4 Qxd5 25. Ne4 Rf5 26. Rad1 Qc6 27. Rd8+ Rxd8 28. Qxd8+ Kg7 29. Ng3 Rg5 30. Nxh5+ gxh5 31. g3 Qf3 32. Qxc7 h4 33. Re3 Qf6 34. Bb3 Qg6 35. Bxf7 Qb1+ 36. Kg2 hxg3 37. Bh5+ Kh8 38. Re8+ Rg8 39. Qe5+ Kh7 40. Re7+ 1-0

[Event "Wch U08"]
[Site "Montesilvano"]
[Date "2024.11.20"]
[Round "6"]
[White "Kapitanski, Furion"]
[Black "Mankovich, Yoav"]
[Result "1/2-1/2"]
[WhiteElo "1707"]
[BlackElo "1490"]
[PlyCount "154"]
[EventDate "2024.11.15"]
[EventType "swiss"]
[EventRounds "11"]
[EventCountry "ITA"]
[SourceTitle "CB48_2024"]
[SourceDate "2024.11.28"]
[SourceVersion "1"]
[SourceVersionDate "2024.11.28"]
[SourceQuality "1"]

1. e4 c5 2. Nf3 Nc6 3. d4 cxd4 4. Nxd4 g6 5. Nc3 Bg7 6. Be3 Nf6 7. Bc4 0-0 8. h3 Nxe4 9. Nxe4 d5 10. c3 dxc4 11. 0-0 Nxd4 12. Bxd4 e5 13. Bc5 Re8 14. Nd6 Re6 15. Nxc4 Qc7 16. Ba3 b5 17. Nd6 Bd7 18. Qd3 a6 19. Rfd1 Bc6 20. Rac1 Bh6 21. Rc2 e4 22. Qg3 Rd8 23. Rd4 Rd7 24. Nf5 Bf4 25. Rxd7 Bxd7 26. Nh6+ Kh8 27. Qh4 Kg7 28. Ng4 h5 29. Ne3 Bxe3 30. fxe3 a5 31. Re2 Qc4 32. Qe1 Re5 33. b3 Qc6 34. Bb2 Rg5 35. c4+ Kh7 36. Qc3 f6 37. Qxf6 Qxf6 38. Bxf6 Rf5 39. Rd2 Be6 40. Bd8 bxc4 41. bxc4 Bxc4 42. a3 Rb5 43. Rd4 Bd3 44. Ra4 Rb1+ 45. Kf2 Rf1+ 46. Kg3 Re1 47. Bg5 Kg7 48. Rxa5 Kf7 49. Re5 Ra1 50. Re7+ Kf8 51. Ra7 Ra2 52. Rc7 Kg8 53. Bf6 Rxa3 54. Rg7+ Kf8 55. Rxg6 Kf7 56. Rh6 Ra6 57. Bg5 Rxh6 58. Bxh6 Kg6 59. Bf4 Bc2 60. Kh4 Bd3 61. g4 hxg4 62. Kxg4 Be2+ 63. Kg3 Bd3 64. Be5 Kh5 65. Bf6 Kg6 66. Bd8 Kh5 67. Kf4 Bc2 68. Kf5 Bd3 69. Kf4 Bc2 70. Kg3 Bd3 71. Bc7 Bc2 72. Bd8 Bd3 73. Bc7 Bc2 74. Bd8 Bd3 75. Bc7 Bc2 76. Bd8 Bd3 77. Bc7 Bc2 1/2-1/2

[Event "BCF-ch U08 rapid"]
[Site "Hull"]
[Date "2024.07.27"]
[Round "9"]
[White "Hu, Junyan"]
[Black "Kapitanski, Furion"]
[Result "1/2-1/2"]
[WhiteElo "1697"]
[BlackElo "1635"]
[PlyCount "69"]
[EventDate "2024.07.26"]
[EventType "swiss (rapid)"]
[EventRounds "9"]
[EventCountry "ENG"]
[SourceTitle "CBM 221 Extra"]
[Source "ChessBase"]
[SourceDate "2024.09.30"]
[SourceVersion "1"]
[SourceVersionDate "2024.09.30"]
[SourceQuality "1"]

1. e4 e5 2. Nf3 Nc6 3. Bc4 Nf6 4. Ng5 d5 5. exd5 Nd4 6. c3 b5 7. Bf1 Nxd5 8. cxd4 Qxg5 9. Bxb5+ Kd8 10. Qf3 Bb7 11. 0-0 Rb8 12. Qxf7 Be7 13. Qe6 Qxg2+ 14. Kxg2 Nf4+ 15. Kg3 Nxe6 16. dxe5 Nd4 17. Bd3 Rf8 18. f4 h5 19. h4 Ba6 20. Bxa6 Nc2 21. d4 Nxa1 22. Bd3 Rb4 23. Nc3 Rxd4 24. Be4 Bb4 25. Be3 Rc4 26. Bd3 Rc6 27. Rxa1 Bxc3 28. bxc3 Rxc3 29. Rd1 Ke7 30. Bd4 Rc6 31. Bb5 Rc2 32. Bd3 Rc6 33. Bb5 Rc2 34. Bd3 Rc6 35. Bb5 1/2-1/2

[Event "BCF-ch U08 rapid"]
[Site "Hull"]
[Date "2024.07.27"]
[Round "7"]
[White "Kapitanski, Furion"]
[Black "Feng, Luca"]
[Result "1-0"]
[WhiteElo "1635"]
[BlackElo "1486"]
[PlyCount "101"]
[EventDate "2024.07.26"]
[EventType "swiss (rapid)"]
[EventRounds "9"]
[EventCountry "ENG"]
[SourceTitle "CBM 221 Extra"]
[Source "ChessBase"]
[SourceDate "2024.09.30"]
[SourceVersion "1"]
[SourceVersionDate "2024.09.30"]
[SourceQuality "1"]

1. e4 c5 2. Nf3 d6 3. d4 cxd4 4. Nxd4 Nf6 5. Nc3 g6 6. Bc4 Bg7 7. h3 0-0 8. Be3 Nc6 9. 0-0 Bd7 10. Qd2 Rc8 11. Bb3 Qa5 12. Nce2 Qxd2 13. Bxd2 Nxe4 14. Be3 Nxd4 15. Nxd4 Nd2 16. Bxd2 Bxd4 17. c3 Bg7 18. Rfe1 Rfe8 19. Bg5 e6 20. Be3 b6 21. a4 a5 22. Bc2 Rb8 23. Bd2 d5 24. Rab1 b5 25. b4 axb4 26. Rxb4 bxa4 27. Bxa4 Bxa4 28. Rxa4 Rb7 29. Ra3 Rc8 30. Rc1 Rb2 31. Be3 Rb7 32. Rca1 Bxc3 33. Rxc3 Rxc3 34. Ra8+ Kg7 35. Bd4+ Kh6 36. Bxc3 Rd7 37. Rg8 d4 38. Bd2+ Kh5 39. g4+ Kh4 40. Kg2 e5 41. Rg7 h6 42. Rh7 h5 43. gxh5 gxh5 44. Rg7 f6 45. Rxd7 e4 46. Rxd4 f5 47. Rd5 e3 48. Bxe3 f4 49. Bd2 f3+ 50. Kxf3 Kxh3 51. Rxh5# 1-0

[Event "BCF-ch U08 rapid"]
[Site "Hull"]
[Date "2024.07.26"]
[Round "5"]
[White "Kapitanski, Furion"]
[Black "Singh, Amandeep4"]
[Result "1-0"]
[WhiteElo "1635"]
[BlackElo "1546"]
[PlyCount "133"]
[EventDate "2024.07.26"]
[EventType "swiss (rapid)"]
[EventRounds "9"]
[EventCountry "ENG"]
[SourceTitle "CBM 221 Extra"]
[Source "ChessBase"]
[SourceDate "2024.09.30"]
[SourceVersion "1"]
[SourceVersionDate "2024.09.30"]
[SourceQuality "1"]

1. e4 e6 2. d4 d5 3. e5 c5 4. c3 Nc6 5. Nf3 Qb6 6. Bd3 Bd7 7. 0-0 cxd4 8. Re1 g6 9. Nbd2 Bg7 10. Qe2 Nge7 11. h3 0-0 12. Nb3 dxc3 13. bxc3 Qc7 14. Nbd4 a6 15. Ba3 Rfe8 16. Bd6 Qd8 17. Rab1 Ra7 18. Bc5 Ra8 19. Rxb7 Nc8 20. Bxa6 Na5 21. Rb4 Nc6 22. Rb2 Qa5 23. Bb7 Rb8 24. Nxc6 Bxc6 25. Bxc6 Rxb2 26. Qxb2 Rd8 27. Bb4 Qa6 28. Nd4 Qb6 29. Ba3 Qc7 30. Qb7 Qa5 31. Bb4 Qb6 32. Qxb6 Nxb6 33. Ba5 Rb8 34. Rb1 Nd7 35. Rxb8+ Nxb8 36. Bb5 Bxe5 37. Nc6 Nxc6 38. Bxc6 d4 39. cxd4 Bxd4 40. a4 Kg7 41. Bd8 Bc5 42. a5 Kh6 43. Bb6 Bd6 44. Ba7 Bc7 45. a6 f5 46. Be3+ Kg7 47. a7 f4 48. Bxf4 Bxf4 49. a8Q Kf6 50. Qf8+ Ke5 51. g3 Bd2 52. f4+ Kd4 53. Qd6+ Kc3 54. Qxe6 Kd3 55. f5 Be3+ 56. Kg2 gxf5 57. Qxf5+ Kd4 58. Qe4+ Kc5 59. Qxe3+ Kxc6 60. Kf3 Kd6 61. Qe4 Kd7 62. Qe5 Kd8 63. Qg7 Ke8 64. Ke4 Kd8 65. Kd5 Ke8 66. Kd6 Kd8 67. Qd7# 1-0

[Event "BCF-ch U08 blitz"]
[Site "Hull"]
[Date "2024.07.25"]
[Round "2"]
[White "Hu, Junyan"]
[Black "Kapitanski, Furion"]
[Result "0-1"]
[WhiteElo "1697"]
[BlackElo "1497"]
[PlyCount "104"]
[EventDate "2024.07.25"]
[EventType "swiss (blitz)"]
[EventRounds "9"]
[EventCountry "ENG"]
[SourceTitle "CBM 221 Extra"]
[Source "ChessBase"]
[SourceDate "2024.09.30"]
[SourceVersion "1"]
[SourceVersionDate "2024.09.30"]
[SourceQuality "1"]

1. e4 e5 2. Nf3 Nc6 3. Bc4 Nf6 4. Ng5 d5 5. exd5 Nd4 6. c3 b5 7. Bf1 Nxd5 8. cxd4 Qxg5 9. Bxb5+ Kd8 10. Qf3 Bb7 11. h4 Qg6 12. Bd3 Qe6 13. Bf5 Qb6 14. Be4 Qe6 15. 0-0 Rb8 16. Rd1 Be7 17. dxe5 Qxe5 18. d4 Qe6 19. Bf4 Nxf4 20. Bxb7 Ng6 21. h5 Nf8 22. Qd5+ Qxd5 23. Bxd5 Rxb2 24. Bxf7 Nd7 25. Nc3 Bb4 26. Ne4 Rf8 27. Bb3 Nf6 28. Nxf6 Rxf6 29. f3 Rf8 30. d5 Bd6 31. Rac1 Rf7 32. Rc6 Re7 33. Bc4 Rbe2 34. Bxe2 Rxe2 35. Kf1 Rxa2 36. g4 Ra3 37. Kg2 Ra2+ 38. Kg1 Ra3 39. Kf2 Ra2+ 40. Ke3 Ra3+ 41. Rd3 Ra4 42. Rd4 Ra3+ 43. Ke4 Ra2 44. Kf5 Rf2 45. Rd3 Re2 46. f4 Re7 47. Rf3 Rf7+ 48. Ke4 Re7+ 49. Kd3 Rf7 50. f5 g6 51. hxg6 hxg6 52. Rc4 gxf5 0-1

[Event "BCF-ch U08 blitz"]
[Site "Hull"]
[Date "2024.07.25"]
[Round "9"]
[White "Qin, Oscar"]
[Black "Kapitanski, Furion"]
[Result "1-0"]
[WhiteElo "1689"]
[BlackElo "1497"]
[PlyCount "47"]
[EventDate "2024.07.25"]
[EventType "swiss (blitz)"]
[EventRounds "9"]
[EventCountry "ENG"]
[SourceTitle "CBM 221 Extra"]
[Source "ChessBase"]
[SourceDate "2024.09.30"]
[SourceVersion "1"]
[SourceVersionDate "2024.09.30"]
[SourceQuality "1"]

1. d4 d5 2. c4 Nc6 3. Nf3 Bg4 4. g3 Bxf3 5. exf3 dxc4 6. d5 Ne5 7. Bf4 Ng6 8. Be3 Nf6 9. Nc3 Ne5 10. Bf4 Ng6 11. Be3 Ne5 12. Bd4 Nd3+ 13. Bxd3 cxd3 14. Bxf6 exf6 15. Qxd3 c6 16. 0-0 Bb4 17. Rfe1+ Be7 18. d6 0-0 19. Rxe7 Re8 20. Rxe8+ Qxe8 21. Qe2 Qd7 22. Qe7 Rd8 23. Re1 Qxd6 24. Qxd6 1-0